000 00763ngm a22002177ib4500
001 IT\ICCU\URB\0436079
003 ItRI
005 20260124182911.0
008 040225s1995 it |||||||||||||||k|||||c
040 _bita
041 7 _aita
_2ISO-639-2
245 0 0 _aFellini racconta /
_cdi Vincenzo Mollica.
246 1 3 _aFellini racconta <videoregistrazione>
_9IT\ICCU\SCM\0083171
260 _aNovara :
_bDe Agostini,
_cc1995
300 _a1 videocassetta (VHS) (ca. 30 min.) :
_bcolor., son. ;
_c19 cm
500 _aTit. del contenitore
500 _aSuppl. a: Il Grande Cinema di Federico Fellini
700 1 _aMollica, Vincenzo,
_d (1953- )
_0IT\ICCU\CFIV\003051
773 0 _wIT\ICCU\CFI\0370990
_tIl grande cinema di Federico Fellini
942 _2ddc
_cVM
_n0
999 _c23562
_d23562